Faktory finančnej stability podniku: Korelačná analýza likvidity a kapitálovej štruktúry

Komplexné zhodnotenie finančného zdravia vybraného podniku prostredníctvom tradičných ukazovateľov finančnej analýzy, diagnostických modelov a predikčného Springate modelu, doplnených o štatistickú korelačnú analýzu.

Gespeichert in:
Bibliographische Detailangaben
1. Verfasser: Džujková, Alžbeta, 1999-
Format: Buchkapitel
Sprache:Slowakisch
Schlagworte:
Tags: Tag hinzufügen
Keine Tags, Fügen Sie das erste Tag hinzu!

MARC

LEADER 00000naa$a2200000$$$4500
001 0314046
005 20260116080954.7
041 0 |a slo 
044 |a SK 
245 1 0 |a Faktory finančnej stability podniku: Korelačná analýza likvidity a kapitálovej štruktúry  |c Alžbeta Džujková 
520 |a Komplexné zhodnotenie finančného zdravia vybraného podniku prostredníctvom tradičných ukazovateľov finančnej analýzy, diagnostických modelov a predikčného Springate modelu, doplnených o štatistickú korelačnú analýzu. 
610 2 0 |a zdravie podniku finančné 
610 2 0 |a modely 
610 2 0 |a štruktúra kapitálová 
610 2 0 |a hodnotenie 
610 2 0 |a podnik 
610 2 0 |a analýzy 
610 2 0 |a analýza ekonomická 
100 1 |a Džujková, Alžbeta, 1999-